000 00769nam a2200253 i 4500
001 11599
003 ES-MaACL
005 20250818232002.0
007 t|
008 930129s1989 sp ||||0| spa d
016 7 _zCHM930010114
020 _a84-87191-10-X
040 _aCHM
_bspa
_cCHM
080 _a54(075.8)
245 0 0 _aModelos teóricos e informáticos en la química actual /
_ceditor, Armando Riera.
260 _aMadrid :
_bCentro de Estudios Ramón Areces,
_c1989.
300 _a334 p :
_bgráf ;
_c24 cm.
504 _aBibliografía. Indice.
650 0 7 _aQuímica
_2embne
_916625
700 1 _aRiera, Armando.
_997099
710 2 _aFundación Ramón Areces
_94401
852 _aES-MaACL
_jL-18958
_bR.123934
999 _c11599
_d11599